| 000 | 00932nam a2200253 i 4500 | ||
|---|---|---|---|
| 001 | 156529 | ||
| 003 | ES-MaACL | ||
| 005 | 20230906210431.0 | ||
| 008 | 940722s1869 sp a |||| | spa d | ||
| 040 |
_aCAT _bspa _cCAT _dCCPB |
||
| 100 | 1 |
_aJusto y Villanueva, Luis. _9128413 |
|
| 245 | 1 | 0 |
_aDe los abonos para las tierras / _cpor Luis Justo y Villanueva. |
| 260 |
_aBarcelona : _b[s.n.], _c1869 ( _fImprenta de Celestino Verdaguer) |
||
| 300 |
_a244 p., [1] h. pleg. de lám. : _bil. ; _c17 cm. |
||
| 490 | 1 | _aBiblioteca agrícola | |
| 530 | _aDisponible en formato digital. | ||
| 596 | _aFecha de la cub.: 1870. | ||
| 597 | _aJunto con [16] p. de propaganda ed. | ||
| 650 | 4 |
_aFertilizantes. _9136105 |
|
| 830 | 0 |
_aBiblioteca agrícola _9188076 |
|
| 852 |
_aES-MaACL _jG-9484 _z-- Enc. cart. |
||
| 856 |
_uhttp://bdh-rd.bne.es/viewer.vm?id=0000048408&page=1 _zBiblioteca Digital Hispánica |
||
| 999 |
_c156529 _d156529 |
||